| 000 | 00996cad a22002175a 4500 | ||
|---|---|---|---|
| 001 | L154542 | ||
| 008 | 111220s2011 xxk f 000 0 eng d | ||
| 035 | _a(Sirsi) u154542 | ||
| 041 | 0 | _aeng | |
| 110 | 2 |
_aFinancial Services Authority _94032 |
|
| 245 | 0 | 0 |
_aMortgage market review _bProposed package of reform[electronic resource] |
| 260 |
_aLondon _bFinancial Services Authority _c2011 |
||
| 505 | 2 | _aContents -- Conduct of busness reforms -- Prudential reform -- Niche market -- Annexes | |
| 520 | _aConsultation on proposals for reforming the mortgage market which are based on the borrower's affordability to pay the loan including the ability to meet possible increases in interest rates. | ||
| 520 | _aConsultation closes 30 March 2012. | ||
| 590 | _aKA NTK | ||
| 651 | 4 | _aUNITED KINGDOM | |
| 690 | _aPROPERTY-RESIDENTIAL PROPERTY-RESIDENTIAL PROPERTY MARKET | ||
| 856 | 4 | 0 |
_uhttps://www.fsa.gov.uk/pubs/cp/cp11_31.pdf _zView the item free of charge at www.fsa.gov.uk |
| 942 | _n0 | ||
| 999 |
_c113033 _d113033 |
||